Dog Faces Quiz Stats

 Plays Quiz Updated Jan 20, 2015

Challenge
Share
Tweet
Score 0/25 Timer 04:00
0 Plays Today
Number Dog Breed % Correct
1Poodle
88.5%
11Beagle
83.7%
4St. Bernard
76.2%
15Labrador Retriever
73.8%
8Golden Retriever
68.7%
19Husky
66.7%
9German Shepherd
64.2%
13Border Collie
63.3%
22Great Dane
62.7%
10Basset Hound
61.1%
20Chow Chow
55.7%
21Rottweiler
52.1%
17Jack Russell Terrier
45.2%
Number Dog Breed % Correct
25Shih Tzu
37.1%
2Newfoundland
36.7%
18Shar Pei
34.9%
24Miniature Schnauzer
31%
14Bernese Mountain Dog
25.6%
23Old English Sheepdog
20.5%
3Weimaraner
19.3%
5Shiba Inu
19%
7Samoyed
17.6%
12Cairn Terrier
12.4%
6Labradoodle
8.7%
16Finnish Lapphund
1.5%

You're not logged in!

Compare scores with friends on all Sporcle quizzes.
Join for Free
OR
Log In

You Might Also Like...

Show Comments

Extras

Top Quizzes Today


Score Distribution

Your Account Isn't Verified!

In order to create a playlist on Sporcle, you need to verify the email address you used during registration. Go to your Sporcle Settings to finish the process.

Report this User

Report this user for behavior that violates our Community Guidelines.

Details: